Δημόσια αγαθά και ο δημόσιος τομεύς

Αποθηκεύτηκε σε:
Λεπτομέρειες βιβλιογραφικής εγγραφής
Κύριος συγγραφέας: Peston, Maurice
Μορφή: Βιβλίο
Γλώσσα:Greek
Δημοσίευση: Αθήνα : Σάκκουλας,
Θέματα:
Ετικέτες: Προσθήκη ετικέτας
Δεν υπάρχουν, Καταχωρήστε ετικέτα πρώτοι!

MARC

LEADER 00000nam a2200000 i 4500
001 1/61031
008 960506s1972 gre d
035 |l 10028821 
040 |a GR-MY-UA  |b gre  |e aacr 
041 0 |a gre 
082 0 |a 336 
100 1 |a Peston, Maurice. 
245 1 0 |a Δημόσια αγαθά και ο δημόσιος τομεύς 
260 |a Αθήνα :   |b Σάκκουλας,  
300 |a 79 σ. 
650 0 0 |a Finance, Public. 
650 0 0 |a Public goods. 
852 |a INST  |b CHIOS  |e 19960506  |h 336 PES  |p 005200005347  |q 005200005347  |t BK  |y 0 
909 |a Χ  |b 000887